000
00343nam a2200157Ia 4500
003
0STCL
008
150530s9999 xx 000 0 und d
040
_a
STCL
_c
STCL
100
_a
Zukowski, J.
245
_a
Mastering Java 2, J2SE 1.4
260
_c
2005
546
_a
English
942
_2
ddc
_c
BK
999
_c
1269
_d
1269
005
20220125160217.0